Taxation laws in the philippines: (Record no. 99111)

MARC details
000 -LEADER
fixed length control field 00618nam a22001937a 4500
003 - CONTROL NUMBER IDENTIFIER
control field URS
005 - DATE AND TIME OF LATEST TRANSACTION
control field 20260319093109.0
008 - FIXED-LENGTH DATA ELEMENTS--GENERAL INFORMATION
fixed length control field 260319b |||||||| |||| 00| 0 eng d
020 ## - INTERNATIONAL STANDARD BOOK NUMBER
International Standard Book Number 9786210226829
040 ## - CATALOGING SOURCE
Transcribing agency URS
050 ## - LIBRARY OF CONGRESS CALL NUMBER
Classification number KPM 2789
Item number .M37 2025
100 ## - MAIN ENTRY--PERSONAL NAME
Personal name Masacayan, Earl Louie M.
245 ## - TITLE STATEMENT
Title Taxation laws in the philippines:
Remainder of title a collection of jottings and anecdotes /
Statement of responsibility, etc Earl Louie M. Masacayan
250 ## - EDITION STATEMENT
Edition statement 2025 Edition.--
264 ## - PUBLICATION, DISTRIBUTION, ETC. (IMPRINT)
Place of publication, distribution, etc Quezon City :
Name of publisher, distributor, etc Central Book Supply, Inc.,
Date of publication, distribution, etc © 2025.
300 ## - PHYSICAL DESCRIPTION
Extent xii, 129 pages :
Other physical details illustrations ;
Dimensions 24 cm.
650 ## - SUBJECT ADDED ENTRY--TOPICAL TERM
Topical term or geographic name as entry element Tax laws -- Philippines
942 ## - ADDED ENTRY ELEMENTS (KOHA)
Source of classification or shelving scheme Library of Congress Classification
Koha item type Filipiniana
Holdings
Withdrawn status Lost status Source of classification or shelving scheme Damaged status Not for loan Collection code Home library Current library Shelving location Date acquired Source of acquisition Total Checkouts Full call number Barcode Date last seen Copy number Price effective from Koha item type
    Library of Congress Classification     Non-fiction Antipolo College Library Antipolo College Library Filipiniana Section 10/23/2025 Purchased   KPM 2789 .M37 2025 URSANT-06241 03/19/2026 1 03/19/2026 Filipiniana
    Library of Congress Classification     Non-fiction Antipolo College Library Antipolo College Library Filipiniana Section 10/23/2025 Purchased   KPM 2789 .M37 2025 URSANT-06242 03/19/2026 2 03/19/2026 Filipiniana

University of Rizal System
Email us at univlibservices@urs.edu.ph

Visit our Website www.urs.edu.ph/library